Computer architecture : (Record no. 176226)

000 -LEADER
fixed length control field 01349 a2200253 4500
003 - CONTROL NUMBER IDENTIFIER
control field Nust
005 - DATE AND TIME OF LATEST TRANSACTION
control field 20220726124926.0
010 ## - LIBRARY OF CONGRESS CONTROL NUMBER
LC control number 2001099789
020 ## - INTERNATIONAL STANDARD BOOK NUMBER
International Standard Book Number 1558605967 (cloth : alk. paper)
040 ## - CATALOGING SOURCE
Transcribing agency Nust
082 00 - DEWEY DECIMAL CLASSIFICATION NUMBER
Classification number 004.22,HEN
100 1# - MAIN ENTRY--PERSONAL NAME
Personal name Hennessy, John L.
245 10 - TITLE STATEMENT
Title Computer architecture :
Remainder of title a quantitative approach /
Statement of responsibility, etc. John L. Hennessy, David A. Patterson, with contributions by David Goldberg, Krste Asanovic.
250 ## - EDITION STATEMENT
Edition statement 3rd ed.
260 ## - PUBLICATION, DISTRIBUTION, ETC.
Place of publication, distribution, etc. San Francisco, CA :
Name of publisher, distributor, etc. Morgan Kaufmann Publishers,
Date of publication, distribution, etc. c2003.
300 ## - PHYSICAL DESCRIPTION
Extent 1 v. (various pagings) :
Other physical details ill. ;
Dimensions 25 cm.
505 ## - FORMATTED CONTENTS NOTE
Formatted contents note Fundamental of Computer Design (Page-2), Instruction Set Principles and Examples (Page-90), Instruction –Level Parallelism and Its Dynamic Exploitation (Page-172), Exploiting Instruction Level Parallelism with Software Approaches (Page-304), Memory Hierarchy Design (Page-390), Multiprocessors and Thread Level Parallelism (Page-528), Storage Systems (Page-678), Interconnection Networks and Clusters (Page-788).
650 #0 - SUBJECT ADDED ENTRY--TOPICAL TERM
Topical term or geographic name entry element Computer architecture.
700 1# - ADDED ENTRY--PERSONAL NAME
Personal name Patterson, David A.
700 1# - ADDED ENTRY--PERSONAL NAME
Personal name Patterson, David A.
9 (RLIN) 95200
856 42 - ELECTRONIC LOCATION AND ACCESS
Materials specified Publisher description
Uniform Resource Identifier <a href="http://www.loc.gov/catdir/description/els031/2001099789.html">http://www.loc.gov/catdir/description/els031/2001099789.html</a>
856 42 - ELECTRONIC LOCATION AND ACCESS
Materials specified Table of contents
Uniform Resource Identifier <a href="http://www.loc.gov/catdir/toc/els031/2001099789.html">http://www.loc.gov/catdir/toc/els031/2001099789.html</a>
942 ## - ADDED ENTRY ELEMENTS (KOHA)
Source of classification or shelving scheme
Koha item type Book
Call number prefix 004.22,HEN
Holdings
Withdrawn status Lost status Source of classification or shelving scheme Damaged status Not for loan Permanent Location Current Location Shelving location Date acquired Full call number Barcode Date last seen Price effective from Koha item type Public note
          Military College of Signals (MCS) Military College of Signals (MCS) General Stacks 12/12/2016 004.22,HEN MCS30480 12/08/2016 12/12/2016 Book Almirah No.2, Self No.3
© 2023 Central Library, National University of Sciences and Technology. All Rights Reserved.